Renewable energy in cities : center for renewable resources

Bibliographic Details
Format: Book
Published: New York : Van Nostrand Reinhold , c1984
Subjects:

MARC

LEADER 00000cam a2200000 7i4500
001 0000008344
005 20021119093000.0
008 021119n
020 |a 0442216548 
050 0 0 |a HD9502.U52   |b R45 
090 0 0 |a HD9502.U52   |b R45 
245 0 0 |a Renewable energy in cities :   |b center for renewable resources 
260 2 |a New York :   |b Van Nostrand Reinhold ,   |c c1984 
300 |a xi, 376 p. ; ;   |c 23 cm. 
500 |a Includes bibliographical references and index 
650 0 |a Center for renewable resources 
650 0 |a Cities and towns   |z United State   |x Energy consumption 
650 0 |a Renewable energy sources   |z United States 
999 |a 1000012032   |b Book   |c OPEN SHELF (30 DAYS)   |e Gong Badak Campus